<?xml version="1.0" encoding="UTF-8"?>
<record
    xmlns:xsi="http://www.w3.org/2001/XMLSchema-instance"
    xsi:schemaLocation="http://www.loc.gov/MARC21/slim http://www.loc.gov/standards/marcxml/schema/MARC21slim.xsd"
    xmlns="http://www.loc.gov/MARC21/slim">

  <leader>00885nam a2200229 i 4500</leader>
  <controlfield tag="001">85143</controlfield>
  <controlfield tag="003">ES-MaACL</controlfield>
  <controlfield tag="005">20251019063049.0</controlfield>
  <controlfield tag="007">t|</controlfield>
  <controlfield tag="008">041125s1931    fr           ||||1| fre d</controlfield>
  <datafield tag="100" ind1="1" ind2=" ">
    <subfield code="a">Zhukovskii, Nikolai Egorovich, </subfield>
    <subfield code="d">1847-1921</subfield>
    <subfield code="9">164229</subfield>
  </datafield>
  <datafield tag="245" ind1="1" ind2="0">
    <subfield code="a">A&#xE9;rodynamique </subfield>
    <subfield code="b">: bases de l'a&#xE9;ronautique : cours profess&#xE9; &#xE0; l'Ecole imp&#xE9;riale technique de Moscou / </subfield>
    <subfield code="c">par N. Joukowski,.. ; [pr&#xE9;fac&#xE9; et] traduit du russe par S. Drzewiecki.</subfield>
  </datafield>
  <datafield tag="250" ind1=" " ind2=" ">
    <subfield code="a">2&#xE9;me &#xE9;d, rev. et annot&#xE9;e </subfield>
    <subfield code="b">par W. Margoulis.</subfield>
  </datafield>
  <datafield tag="260" ind1=" " ind2=" ">
    <subfield code="a">Paris : </subfield>
    <subfield code="b">Gauthier-Villars, </subfield>
    <subfield code="c">1931.</subfield>
  </datafield>
  <datafield tag="300" ind1=" " ind2=" ">
    <subfield code="a">XXVI, 254 p., 1 graf. pleg. : </subfield>
    <subfield code="b">il. ; </subfield>
    <subfield code="c">25 cm.</subfield>
  </datafield>
  <datafield tag="650" ind1="0" ind2="7">
    <subfield code="a">Aeron&#xE1;utica</subfield>
    <subfield code="2">embne</subfield>
    <subfield code="9">9657</subfield>
  </datafield>
  <datafield tag="650" ind1="0" ind2="4">
    <subfield code="a">Aerodin&#xE1;mica.</subfield>
    <subfield code="9">9656</subfield>
  </datafield>
  <datafield tag="700" ind1="1" ind2=" ">
    <subfield code="a">Drzewiecki, Stefan (</subfield>
    <subfield code="d">1844-1938)</subfield>
    <subfield code="9">45690</subfield>
  </datafield>
  <datafield tag="700" ind1="1" ind2=" ">
    <subfield code="a">Margoulis, Wladimir.</subfield>
    <subfield code="9">76633</subfield>
  </datafield>
  <datafield tag="852" ind1=" " ind2=" ">
    <subfield code="a">ES-MaACL</subfield>
    <subfield code="j">A-1452</subfield>
  </datafield>
  <datafield tag="999" ind1=" " ind2=" ">
    <subfield code="c">85143</subfield>
    <subfield code="d">85143</subfield>
  </datafield>
  <datafield tag="952" ind1=" " ind2=" ">
    <subfield code="0">0</subfield>
    <subfield code="1">0</subfield>
    <subfield code="4">0</subfield>
    <subfield code="7">0</subfield>
    <subfield code="a">ATENEOM</subfield>
    <subfield code="b">ATENEOM</subfield>
    <subfield code="c">SPP1</subfield>
    <subfield code="d">2008-01-17</subfield>
    <subfield code="e">SC</subfield>
    <subfield code="l">0</subfield>
    <subfield code="o">A-1452</subfield>
    <subfield code="p">1088979</subfield>
    <subfield code="r">2023-02-23 00:00:00</subfield>
    <subfield code="w">2023-02-23</subfield>
    <subfield code="y">MONOGRAFIA</subfield>
  </datafield>
</record>
